000 00965naa a22002657a 4500
001 BR8003832
003 BR-BrBNA
005 20250716093632.0
007 ta
008 250630b bl.|||m| |||| 00| 0 por d
040 _aBR-BrBNA
_bpor
_cBiblioteca Nacional de Agricultura
041 _a(Pt)
072 _aF25
_b3830
_bG514
090 _aF25 BR8003832
100 1 _aMarinelli, O.
245 1 _aProducao de superfosfatos [Fertilizante; Industrializacao; Brasil]
500 _aTecnologia de fertilizantes fosfatados Sao Paulo, SP (Brasil): 1980. p. 123-126 (BR8003832-AMS)
773 0 _tTecnologia de fertilizantes fosfatados
_wF25 BR8003832
_gSao Paulo, SP (Brasil), 1980. p. 123-126
650 _aFERTILIZANTE
650 _aSUPERFOSFATO
650 _aINDUSTRIALIZACAO
490 _aPublicacoes Especiais - Instituto de Pesquisas Tecnologicas do Estado de Sao Paulo S.A. (Brazil)
_vno. 9
942 _cAMS
_2AGRIS
909 _a202506
_bLúcia
_c55
_dLúcia Elande
999 _c333558
_d333558